Un incendio desastroso /
Guardado en:
| Autor Principal: | |
|---|---|
| Otros Autores: | |
| Formato: | Libro |
| Publicado: |
Buenos Aires :
Libros del Quirquincho : Página/12,
1996.
|
| Series: | Colección Letra Negra ;
5 |
| Materias: | |
| Etiquetas: |
Agregar Etiqueta
Sin Etiquetas, Sea el primero en etiquetar este registro!
|
| LEADER | 00671nam a22002055a 4500 | ||
|---|---|---|---|
| 001 | EHU.bham051778 | ||
| 008 | 231031s1996####ag############000#0#####d | ||
| 005 | 20231031074218.0 | ||
| 245 | 1 | 0 | |a Un incendio desastroso / |c Margarita Mainé ; dibujos de Daniela Kantor. |
| 260 | |a Buenos Aires : |b Libros del Quirquincho : |b Página/12, |c 1996. | ||
| 300 | |a 59 p. | ||
| 490 | 1 | |a Colección Letra Negra ; |v 5 | |
| 020 | |a 9879015932 | ||
| 100 | 1 | |a Mainé, Margarita. | |
| 700 | 1 | |a Kantor, Daniela, dibujos. | |
| 082 | P | E | |a A863.4 M225 |
| 653 | |a Misterio | ||
| 653 | |a Literatura argentina | ||
| 653 | |a Colección Villar | ||
| 859 | |a AR-BHAM |b BIB. HUMANIDADES - General |h A863.4 |i M225 |p 608.23 |t 1 | ||
